000 00558nam a2200205 4500
001 VA44730
003 ES-SlBCS
005 20210601155935.0
008 140520s1953 xxu||||| |||| 00| 0 spa d
041 _aspa
100 1 _aClement, G.
_922900
245 1 0 _aDerecho del niño a nacer
_cG. Clement; Agapito de Sobradillo
250 _a2ª ed.
260 _aMadrid :
_bStudium
_c, 1953
300 _a119 p.;
_c19 cm
490 0 _aProblemas de Hoy
_v12
650 0 4 _aNiño-Derecho a Nacer
_9385459
700 1 _aSobradillo, Agapito de
_9259001
942 _cBK
999 _c823701
_d823701